000 00862nam a2200253 i 4500
001 C2-0336338
003 PPAK
005 20180728135323.0
008 160530s2011 nyua|||| ||||| | eng d
020 _a9780062113627
040 _aPPAK
_beng
_cPPAK
_erda
082 0 4 _a746.920922
_223
090 0 0 _a746.920922
_bHID
_dG
100 1 _aHidalgo, Marta R.,
_eauthor
245 1 0 _aSourcebook of contemporary fashion design
264 1 _aNew York :
_bHarperCollins Publishers ,
_c2011
300 _a455 pages :
_bcolour illustrations ;
_c25 cm
336 _2rdacontent
_atext
337 _2rdamedia
_aunmediated
338 _2rdacarrier
_avolume
500 _aTranslated from the 1st ed., Barcelona, Spain, Maomao Publications, 2011.
650 1 0 _aFashion design. ; Fashion designers. ; Fashion - History - 21st century - Pictorial works.
942 _ddc
_cB
999 _c134157
_d134157